All Prefecture-Level Cities in China with a Map - Statistics

General Stats
  • This quiz has been taken 25 times
  • The average score is 121 of 299
Answers on the Map
Answers color-coded by a green-red scale on the quiz's map according to % correct below.
 
Answer Stats
Province City % Correct
Xinjiang Urumqi
100%
Shaanxi Xi'an
100%
Fujian | Jiangxi Fuzhou
95%
Guangdong Guangzhou
95%
Heilongjiang Harbin
95%
Tibet Lhasa
95%
Guangdong Shenzhen
95%
Hubei Wuhan
95%
Liaoning Dalian
90%
Yunnan Kunming
90%
Guangxi Nanning
90%
Taiwan Taipei
90%
Fujian Xiamen
90%
Hunan Changsha
85%
Guiyang Guiyang
85%
Zhejiang Hangzhou
85%
Jiangsu Nanjing
85%
Shandong Qingdao
85%
Jilin Changchun
80%
Guangdong Dongguan
80%
Anhui Hefei
80%
Inner Mongolia Hohhot
80%
Sichuan Ya'an
80%
Sichuan Chengdu
75%
Guangdong Foshan
75%
Hainan Haikou
75%
Jilin Jilin
75%
Shandong Jinan
75%
Gansu Lanzhou
75%
Zhejiang Ningbo
75%
Guangdong Shantou
75%
Liaoning Shenyang
75%
Hebei Shijiazhuang
75%
Anhui | Jiangsu Suzhou
75%
Henan Zhengzhou
75%
Shandong Linyi
70%
Taiwan New Taipei
70%
Shanxi Taiyuan
70%
Zhejiang Wenzhou
70%
Shandong Yantai
70%
Guangdong Huizhou
65%
Taiwan Kaohsiung
65%
Henan Luoyang
65%
Jiangxi Nanchang
65%
Jiangsu Wuxi
65%
Qinghai Xining
65%
Inner Mongolia Baotou
60%
Anhui Huainan
60%
Fujian Quanzhou
60%
Hainan Sanya
60%
Taiwan Tainan
60%
Anhui Wuhu
60%
Ningxia Yinchuan
60%
Guangdong Zhuhai
60%
Jiangsu Changzhou
55%
Zhejiang Huzhou
55%
Jiangxi Ji'an
55%
Jiangsu Nantong
55%
Heilongjiang Qiqihar
55%
Taiwan Taichung
55%
Hebei Zhangjiakou
55%
Shandong Zibo
55%
Inner Mongolia Chifeng
50%
Heilongjiang Daqing
50%
Shanxi Datong
50%
Guangxi Guilin
50%
Hebei Handan
50%
Jiangsu Huai'an
50%
Zhejiang Jiaxing
50%
Guangdong Maoming
50%
Guangdong Qingyuan
50%
Hebei Qinhuangdao
50%
Shandong Rizhao
50%
Jiangsu Suqian
50%
Hebei Tangshan
50%
Taiwan Taoyuan
50%
Shandong Weihai
50%
Guangxi Wuzhou
50%
Jiangsu Xuzhou
50%
Jiangsu Yancheng
50%
Guangdong Zhanjiang
50%
Jiangsu Zhenjiang
50%
Guangdong Zhongshan
50%
Zhejiang Zhoushan
50%
Henan Anyang
45%
Hebei Baoding
45%
Anhui Bengbu
45%
Heilongjiang Heihe
45%
Shandong Heze
45%
Liaoning Huludao
45%
Inner Mongolia Hulunbuir
45%
Henan Kaifeng
45%
Hebei Langfang
45%
Sichuan Luzhou
45%
Henan Pingdingshan
45%
Jiangxi Shangrao
45%
Zhejiang Shaoxing
45%
Jiangsu | Zhejiang Taizhou
45%
Shandong Weifang
45%
Hubei Xiangyang
45%
Guangxi | Shaanxi Yulin
45%
Hunan Zhangjiajie
45%
Fujian Zhangzhou
45%
Guiyang Zunyi
45%
Liaoning Anshan
40%
Shaanxi Baoji
40%
Shandong Binzhou
40%
Hebei Cangzhou
40%
Hunan Changde
40%
Guangdong Chaozhou
40%
Hebei Chengde
40%
Hainan Danzhou
40%
Sichuan Dazhou
40%
Sichuan Deyang
40%
Shandong Dezhou
40%
Anhui Fuyang
40%
Jiangxi Ganzhou
40%
Henan Jiaozuo
40%
Zhejiang Jinhua
40%
Shandong Jining
40%
Liaoning Jinzhou
40%
Jiangxi Jiujiang
40%
Sichuan Leshan
40%
Jiangsu Lianyungang
40%
Guangxi Liuzhou
40%
Sichuan Meishan
40%
Sichuan Mianyang
40%
Heilongjiang Mudanjiang
40%
Henan Nanyang
40%
Inner Mongolia Ordos
40%
Jilin Siping
40%
Shandong Tai'an
40%
Xinjiang Turpan
40%
Shaanxi Xianyang
40%
Hebei Xingtai
40%
Henan Xinyang
40%
Jiangsu Yangzhou
40%
Hubei Yichang
40%
Hunan Yueyang
40%
Sichuan Ziyang
40%
Jilin Baishan
35%
Guangxi Beihai
35%
Tibet Chamdo
35%
Liaoning Dandong
35%
Hubei Ezhou
35%
Shaanxi Hanzhong
35%
Hebei Hengshui
35%
Hunan Hengyang
35%
Anhui Huaibei
35%
Heilongjiang Jiamusi
35%
Guangdong Jiangmen
35%
Guangdong Jieyang
35%
Gansu Jiuquan
35%
Xinjiang Karamay
35%
Sichuan Nanchong
35%
Sichuan Panzhihua
35%
Yunnan Pu'er
35%
Henan Puyang
35%
Inner Mongolia Tongliao
35%
Henan Xinxiang
35%
Henan Xuchang
35%
Shandong Zaozhuang
35%
Guangdong Zhaoqing
35%
Sichuan Zigong
35%
Anhui Bozhou
30%
Shanxi Changzhi
30%
Hunan Chenzhou
30%
Anhui Chizhou
30%
Sichuan Guangyuan
30%
Xinjiang Hami
30%
Heilongjiang Hegang
30%
Hubei Huanggang
30%
Gansu Jiayuguan
30%
Hubei Jingzhou
30%
Heilongjiang Jixi
30%
Shandong Liaocheng
30%
Shanxi Linfen
30%
Anhui Lu'an
30%
Anhui Ma'anshan
30%
Guangdong Meizhou
30%
Liaoning Panjin
30%
Fujian Putian
30%
Guangxi Qinzhou
30%
Hainan Sansha
30%
Henan Shangqiu
30%
Guangdong Shanwei
30%
Tibet Shigatse
30%
Gansu Wuwei
30%
Hunan Xiangtan
30%
Shaanxi Yan'an
30%
Sichuan Yibin
30%
Shanxi Yuncheng
30%
Yunnan Yuxi
30%
Yunnan Zhaotong
30%
Henan Zhumadian
30%
Jilin Baicheng
25%
Guangxi Baise
25%
Gansu Baiyin
25%
Guiyang Bijie
25%
Liaoning Chaoyang
25%
Anhui Chuzhou
25%
Shandong Dongying
25%
Guangxi Fangchenggang
25%
Guangxi Guigang
25%
Qinghai Haidong
25%
Guangdong Heyuan
25%
Guangxi Hezhou
25%
Hunan Huaihua
25%
Anhui Huangshan
25%
Shanxi Jincheng
25%
Shanxi Jinzhong
25%
Liaoning Liaoyang
25%
Yunnan Lijiang
25%
Tibet Nyingchi
25%
Gansu Qingyang
25%
Yunnan Qujing
25%
Zhejiang Quzhou
25%
Henan Sanmenxia
25%
Tibet Shannan
25%
Guangdong Shaoguan
25%
Hubei Shiyan
25%
Heilongjiang Shuangyashan
25%
Jilin Songyuan
25%
Gansu Tianshui
25%
Jilin Tonghua
25%
Guiyang Tongren
25%
Shaanxi Weinan
25%
Inner Mongolia Wuhai
25%
Guangdong Yangjiang
25%
Heilongjiang | Jiangxi Yichun
25%
Liaoning Yingkou
25%
Hunan Yiyang
25%
Hunan Yongzhou
25%
Gansu Zhangye
25%
Henan Zhoukou
25%
Shaanxi Ankang
20%
Anhui Anqing
20%
Yunnan Baoshan
20%
Inner Mongolia Bayannur
20%
Sichuan Bazhong
20%
Liaoning Benxi
20%
Liaoning Fushun
20%
Sichuan Guang'an
20%
Henan Hebi
20%
Guangxi Hechi
20%
Hubei Huangshi
20%
Jiangxi Jingdezhen
20%
Jilin Liaoyuan
20%
Zhejiang Lishui
20%
Guiyang Liupanshui
20%
Fujian Nanping
20%
Sichuan Neijiang
20%
Jiangxi Pingxiang
20%
Fujian Sanming
20%
Ningxia Shizuishan
20%
Sichuan Suining
20%
Hubei Suizhou
20%
Liaoning Tieling
20%
Anhui Tongling
20%
Ningxia Wuzhong
20%
Jiangxi Xinyu
20%
Shanxi Xinzhou
20%
Shanxi Yangquan
20%
Jiangxi Yingtan
20%
Guangdong Yunfu
20%
Ningxia Zhongwei
20%
Hunan Zhuzhou
20%
Guangxi Chongzuo
15%
Gansu Dingxi
15%
Liaoning Fuxin
15%
Ningxia Guyuan
15%
Gansu Jinchang
15%
Hubei Jingmen
15%
Guangxi Laibin
15%
Yunnan Lincang
15%
Gansu Longnan
15%
Fujian Longyan
15%
Hunan Loudi
15%
Shanxi Lüliang
15%
Henan Luohe
15%
Tibet Nagqu
15%
Fujian Ningde
15%
Gansu Pingliang
15%
Heilongjiang Qitaihe
15%
Shaanxi Shangluo
15%
Hunan Shaoyang
15%
Shanxi Shuozhou
15%
Heilongjiang Suihua
15%
Shaanxi Tongchuan
15%
Inner Mongolia Ulanqab
15%
Hubei Xianning
15%
Hubei Xiaogan
15%
Anhui Xuancheng
15%
Guiyang Anshun
10%
No matching quizzes found
Score Distribution
Percent of People with Each Score
Percentile by Number Answered
Your Score History
You have not taken this quiz